| 000 | 00633nam a2200241 a 4500 | ||
|---|---|---|---|
| 001 | 0001-0964 | ||
| 003 | ELIB.Books | ||
| 008 | 140916 2010 eng | ||
| 020 | _a0801022665 | ||
| 035 | _a(ELIB.Books)0001-1118 | ||
| 092 |
_a234 _bKee |
||
| 100 | _aKeener, Craig S. | ||
| 245 |
_aGift & Giver: _bThe Holy Spirit for Today |
||
| 260 |
_aGrand Rapids _bBaker Academic _c2001 |
||
| 300 |
_a224 _c23 Cm |
||
| 500 | _aDr. Yahalaylayla | ||
| 650 | _aSpiritual | ||
| 856 |
_nKBTS; Library _uKBTS; Elib. |
||
| 942 |
_2ddc _cBK |
||
| 990 | _a2 | ||
| 998 |
_cbat _e2014-09-16 _mcat _u2019-12-17 |
||
| 999 |
_c10964 _d10964 |
||